[Event "Knighthood Blitz"]
[Site "Vishy Anand Arena"]
[Date "2020.08.01"]
[Round "8"]
[White "Adityass"]
[Black "Gamechanger"]
[Result "1-0"]
[WhiteElo "2220"]
[BlackElo "2155"]
[PlyCount "143"]
[EventDate "2020.08.01"]
[EventType "swiss (blitz)"]

1. e4 c6 2. d4 d5 3. Nc3 dxe4 4. Nxe4 Nf6 5. Nxf6+ exf6 6. c3 Bd6 7. Bd3 O-O 8. Qc2 h5 9. Ne2 Qc7 10. Be3 Be6 11. Ng3 h4 12. Ne4 Be7 13. O-O-O Nd7 14. g3 h3 15. Bf4 Qa5 16. a3 g5 17. Bd2 Rfe8 18. c4 Qc7 19. f4 g4 20. Rhf1 f5 21. Ng5 Rad8 22. Bxf5 Bxf5 23. Qxf5 Nf6 24. Bc3 Qd7 25. Qxd7 Rxd7 26. Rfe1 Red8 27. Ne4 Kf8 28. Re2 Nxe4 29. Rxe4 Bf6 30. f5 c5 31. d5 Bxc3 32. bxc3 Re8 33. Rde1 Rxe4 34. Rxe4 b5 35. cxb5 Rxd5 36. Rxg4 Rxf5 37. Rf4 Re5 38. Kd2 Rd5+ 39. Ke2 c4 40. Rxc4 Rxb5 41. Rb4 Ra5 42. a4 Rc5 43. c4 a5 44. Rb5 Rxc4 45. Rxa5 Rc2+ 46. Kf3 Rxh2 47. Rh5 Rh1 48. a5 Kg7 49. Rh4 h2 50. Kg2 Ra1 51. Kxh2 Rxa5 52. Rg4+ Kf6 53. Rf4+ Rf5 54. Rh4 Rg5 55. Kg2 Kg6 56. Ra4 f5 57. Ra6+ Kh5 58. Ra8 Rg4 59. Rh8+ Kg5 60. Rg8+ Kf6 61. Ra8 Kg6 62. Ra6+ Kg5 63. Ra5 Re4 64. Kf3 Re6 65. Rc5 Rd6 66. Rc4 Rd3+ 67. Kf2 Ra3 68. Rc8 Ra2+ 69. Kg1 Ra3 70. Kg2 Kg4 71. Rg8+ Kh5 72. Kh3 1-0

[Event "Knighthood Blitz"]
[Site "Vishy Anand Arena"]
[Date "2020.08.01"]
[Round "8"]
[White "Lightsaber"]
[Black "Shiv01"]
[Result "1-0"]
[WhiteElo "2200"]
[BlackElo "2030"]
[Annotator "NA"]
[PlyCount "51"]
[EventDate "2020.08.01"]
[EventType "swiss (blitz)"]

1. Nf3 Nf6 2. b3 g6 3. Bb2 Bg7 4. g3 b6 5. Bg2 Bb7 6. O-O d6 7. c4 Nbd7 8. Nc3 O-O 9. d4 e6 10. Qc2 Qe7 11. e4 a5 12. Rfe1 Ne8 13. Rad1 Rc8 14. h4 h5 15. Ba3 Bh6 16. e5 Qd8 17. Ne4 Nb8 18. d5 exd5 19. cxd5 Na6 20. Nfg5 dxe5 21. Bxf8 Bxf8 22. Nxf7 Kxf7 23. Ng5+ Kf6 24. Rxe5 Kxe5 25. Qe4+ Kf6 26. Qe6+ 1-0

[Event "Knighthood Blitz"]
[Site "Vishy Anand Arena"]
[Date "2020.08.01"]
[Round "8"]
[White "Ambitious"]
[Black "DusanPopovic"]
[Result "1-0"]
[WhiteElo "2198"]
[BlackElo "2465"]
[Annotator "TA"]
[PlyCount "139"]
[EventDate "2020.08.01"]
[EventType "swiss (blitz)"]

1. e4 d6 2. d4 Nf6 3. Nc3 e5 4. Nf3 Nbd7 5. Bc4 Be7 6. O-O Nb6 7. Be2 exd4 8. Nxd4 O-O 9. f4 Re8 10. Bf3 Bf8 11. b3 Nbd7 12. Bb2 c6 13. Qd2 Nc5 14. Rae1 Qc7 15. Kh1 a5 16. Rg1 g6 17. g4 Bg7 18. g5 Nfd7 19. Nd1 Nf8 20. Nf2 a4 21. Ng4 Bxg4 22. Rxg4 axb3 23. axb3 Ra2 24. Bc3 Qb6 25. Rg2 Qa6 26. h4 Qb6 27. h5 Qd8 28. h6 Bh8 29. Rge2 f6 30. Bg2 fxg5 31. fxg5 Be5 32. Nf3 Nfd7 33. Rd1 Qe7 34. Qe3 Rf8 35. Bxe5 Nxe5 36. Nxe5 dxe5 37. Red2 Raa8 38. Bf1 b5 39. Bh3 Rf4 40. Rd6 Qxg5 41. Qxc5 Rh4 42. R6d3 Rxh6 43. Qxc6 Rf8 44. Qe6+ Kh8 45. Rg1 Qf6 46. Qxf6+ Rxf6 47. Kh2 Kg7 48. Rg2 Rf7 49. Rd7 Rh4 50. Rxf7+ Kxf7 51. Rg4 Rh5 52. Rg2 Kg7 53. Rf2 Rh6 54. Kg3 Rh4 55. Bg4 Rh5 56. Bxh5 Kh6 57. Kh4 g5+ 58. Kg4 Kg7 59. Rf5 Kh6 60. Rxe5 Kg7 61. Rxb5 Kh6 62. Rd5 Kg7 63. b4 Kh6 64. b5 Kg7 65. b6 Kh6 66. b7 Kg7 67. b8=Q Kh6 68. Qb6+ Kg7 69. Rd7+ Kf8 70. Qb8# 1-0

[Event "Knighthood Blitz"]
[Site "Vishy Anand Arena"]
[Date "2020.08.01"]
[Round "8"]
[White "Fire_on_board"]
[Black "Pranav_vip"]
[Result "0-1"]
[WhiteElo "2189"]
[BlackElo "2406"]
[Annotator "TA"]
[PlyCount "54"]
[EventDate "2020.08.01"]
[EventType "swiss (blitz)"]

1. d4 Nf6 2. Nf3 e6 3. g3 b5 4. Bg2 Bb7 5. O-O Be7 6. a4 b4 7. c3 a5 8. Nbd2 bxc3 9. bxc3 O-O 10. Rb1 Bc6 11. Qc2 Na6 12. e4 Rb8 13. Rxb8 Qxb8 14. Ne5 Bb7 15. Ndc4 d6 16. Nd3 Bxe4 17. Bxe4 Nxe4 18. Nxa5 Qa8 19. h4 Rb8 20. Re1 Nf6 21. Ba3 Qd5 22. c4 Qxa5 23. Rb1 h6 24. Nb4 Nxb4 25. Qc3 c5 26. dxc5 dxc5 27. Qe5 Ra8 0-1

[Event "Knighthood Blitz"]
[Site "Vishy Anand Arena"]
[Date "2020.08.01"]
[Round "8"]
[White "Mandrake"]
[Black "Johncking"]
[Result "0-1"]
[WhiteElo "2185"]
[BlackElo "2319"]
[PlyCount "64"]
[EventDate "2020.08.01"]
[EventType "swiss (blitz)"]

1. d4 Nf6 2. Nf3 e6 3. Bf4 d5 4. e3 Bd6 5. Bg3 O-O 6. Bd3 c5 7. O-O Qc7 8. c3 Nbd7 9. Nbd2 e5 10. dxe5 Nxe5 11. Nxe5 Bxe5 12. Qc2 h6 13. c4 Be6 14. Rac1 Bxg3 15. hxg3 Rac8 16. Nf3 Rfd8 17. Rfd1 Qa5 18. b3 dxc4 19. Bxc4 Bxc4 20. Qxc4 Qxa2 21. Ne5 Rf8 22. Rd6 Qb2 23. Rc3 Ne4 24. Qxe4 Qxc3 25. Qf5 Qxb3 26. Ng4 Rc6 27. Nxh6+ gxh6 28. Qg4+ Kh8 29. Qf4 Rxd6 30. Qxd6 Kg8 31. Qxh6 Qb1+ 32. Kh2 Qh7 0-1

[Event "Knighthood Blitz"]
[Site "Vishy Anand Arena"]
[Date "2020.08.01"]
[Round "8"]
[White "Arghyadip"]
[Black "himplanet"]
[Result "1-0"]
[WhiteElo "2172"]
[BlackElo "2126"]
[PlyCount "103"]
[EventDate "2020.08.01"]
[EventType "swiss (blitz)"]

1. d4 d5 2. c4 e6 3. Nc3 Nf6 4. cxd5 exd5 5. Bg5 c6 6. e3 Be7 7. Bd3 Nbd7 8. Nge2 Nf8 9. O-O Ne6 10. Bh4 g6 11. f3 O-O 12. Kh1 Ng7 13. Bf2 Re8 14. h3 c5 15. dxc5 Bxc5 16. Nd4 Bxd4 17. exd4 Bf5 18. Bb5 Bd7 19. Qb3 Bxb5 20. Qxb5 Nf5 21. Rfe1 Qd6 22. Qxb7 Reb8 23. Qxa8 Rxa8 24. Re5 Rb8 25. b3 Nd7 26. Rxd5 Qc6 27. Rc1 Rc8 28. g4 Qxd5 29. Nxd5 Rxc1+ 30. Kg2 Nd6 31. Bg3 Nb5 32. Bf2 Rd1 33. f4 Nxd4 34. Nc3 Rd3 35. Ne4 Nb5 36. a4 Nc3 37. Ng5 Nd5 38. Bxa7 Rxb3 39. Kf2 Ra3 40. f5 gxf5 41. gxf5 f6 42. Ne6 Rxa4 43. Bd4 Ra3 44. h4 Ne5 45. Bxe5 fxe5 46. Ng5 Ne7 47. f6 Ng6 48. h5 Nf4 49. f7+ Kf8 50. Nxh7+ Kxf7 51. Ng5+ Kg7 52. Ne4 1-0

[Event "Knighthood Blitz"]
[Site "Vishy Anand Arena"]
[Date "2020.08.01"]
[Round "8"]
[White "ItsTime"]
[Black "Suvrajit Saha"]
[Result "1-0"]
[WhiteElo "2120"]
[BlackElo "1963"]
[PlyCount "153"]
[EventDate "2020.08.01"]
[EventType "swiss (blitz)"]

1. Nf3 c5 2. c4 Nc6 3. d4 cxd4 4. Nxd4 Nf6 5. Nc3 g6 6. e4 Bg7 7. Be3 O-O 8. f3 d6 9. Be2 Bd7 10. O-O b6 11. Rc1 Nxd4 12. Bxd4 Bc6 13. b4 Rc8 14. Nd5 Nxd5 15. cxd5 Bxd4+ 16. Qxd4 Bd7 17. Ba6 Rxc1 18. Rxc1 Qb8 19. Qc3 Rd8 20. Qc7 Kf8 21. Qxb8 Rxb8 22. Rc7 Ke8 23. Rxa7 Kd8 24. Rb7 Rxb7 25. Bxb7 Bb5 26. Kf2 Kc7 27. Ba8 Bc4 28. a4 Bb3 29. a5 bxa5 30. bxa5 Ba4 31. Ke3 Bb5 32. Kd4 f6 33. f4 h6 34. e5 Bf1 35. g3 Bb5 36. exf6 exf6 37. Bc6 Ba6 38. Ba4 g5 39. Bb3 Bb5 40. Bc4 Bd7 41. Bd3 Bg4 42. Ke3 Bd7 43. h4 gxh4 44. gxh4 Bc8 45. Kf3 Bd7 46. f5 Be8 47. Kg4 Kb7 48. Bc4 h5+ 49. Kf4 Ka7 50. Be2 Kb7 51. Ke4 Ka7 52. Kd4 Kb7 53. Kc3 Ka7 54. Kb4 Bf7 55. Bf3 Be8 56. Be2 Kb7 57. Bb5 Bf7 58. Bc6+ Ka6 59. Bb5+ Kb7 60. Kc4 Ka7 61. Bd7 Ka6 62. Be6 Be8 63. Kb4 Ka7 64. Bg8 Kb7 65. Bh7 Bf7 66. Kc4 Be8 67. Bg6 Bd7 68. Kd4 Ka6 69. Ke4 Kxa5 70. Bxh5 Kb4 71. Bf7 Kc5 72. h5 Ba4 73. h6 Bc2+ 74. Kf4 Kd4 75. h7 Bd3 76. h8=Q Bc2 77. Qxf6+ 1-0

[Event "Knighthood Blitz"]
[Site "Vishy Anand Arena"]
[Date "2020.08.01"]
[Round "8"]
[White "Harishankkar"]
[Black "divyang2003"]
[Result "1-0"]
[WhiteElo "2115"]
[BlackElo "1513"]
[Annotator "NA"]
[PlyCount "25"]
[EventDate "2020.08.01"]
[EventType "swiss (blitz)"]

1. e4 e5 2. f4 exf4 3. Nf3 Nc6 4. d4 d5 5. exd5 Qxd5 6. Nc3 Qd8 7. Bxf4 Bg4 8. Bc4 Bxf3 9. Qxf3 Qxd4 10. Bxf7+ Ke7 11. Nd5+ Kd8 12. Bxc7+ Kc8 13. Qf5# 1-0

[Event "Knighthood Blitz"]
[Site "Vishy Anand Arena"]
[Date "2020.08.01"]
[Round "8"]
[White "Hickey"]
[Black "Anandgary"]
[Result "1-0"]
[WhiteElo "2113"]
[BlackElo "1783"]
[Annotator "NA"]
[PlyCount "63"]
[EventDate "2020.08.01"]
[EventType "swiss (blitz)"]

1. Nf3 Nf6 2. c4 g6 3. b4 Bg7 4. Bb2 O-O 5. e3 d6 6. Be2 c5 7. a3 b6 8. O-O Bb7 9. d3 Nc6 10. b5 Nb8 11. a4 a6 12. Nbd2 axb5 13. axb5 Rxa1 14. Qxa1 Nbd7 15. Qa3 Qc8 16. Ra1 Qc7 17. Qc3 Nh5 18. Qc2 Bxb2 19. Qxb2 Nhf6 20. Ne1 Ra8 21. f4 d5 22. Bf3 Rxa1 23. Qxa1 dxc4 24. Qa7 Qd6 25. Nxc4 Qe6 26. Qxb7 Ng4 27. Bxg4 Qxg4 28. Qf3 Qf5 29. Qe4 Qg4 30. Nf3 Nf6 31. Qa8+ Kg7 32. Nce5 1-0

[Event "Knighthood Blitz"]
[Site "Vishy Anand Arena"]
[Date "2020.08.01"]
[Round "8"]
[White "lsr"]
[Black "theraisingsun"]
[Result "1-0"]
[WhiteElo "2112"]
[BlackElo "1683"]
[Annotator "NA"]
[PlyCount "79"]
[EventDate "2020.08.01"]
[EventType "swiss (blitz)"]

1. Nf3 b6 2. g3 Bb7 3. Bg2 g6 4. O-O Bg7 5. d3 e6 6. e4 Ne7 7. Nc3 O-O 8. Re1 f5 9. Bg5 fxe4 10. Nxe4 Qe8 11. c3 Nf5 12. Qc1 Nd6 13. Nfd2 Nc6 14. Nxd6 cxd6 15. Ne4 Qb8 16. Bh6 d5 17. Bxg7 Kxg7 18. Ng5 Qd8 19. d4 Qf6 20. f4 Rae8 21. Nf3 Bc8 22. Ne5 Nxe5 23. dxe5 Qf5 24. Qe3 Ba6 25. Rad1 Rc8 26. Rd4 Rc7 27. Qd2 Rfc8 28. h3 Bb7 29. Rf1 Ba6 30. Rf2 Qb1+ 31. Kh2 Qxa2 32. g4 Rf8 33. f5 Qa5 34. fxg6 hxg6 35. Rxf8 Kxf8 36. Qh6+ Ke7 37. Qg7+ Ke8 38. Rf4 Qc5 39. Qg8+ Ke7 40. Rf7# 1-0

[Event "Knighthood Blitz"]
[Site "Vishy Anand Arena"]
[Date "2020.08.01"]
[Round "8"]
[White "Pavala"]
[Black "Viani A Dcunha"]
[Result "1-0"]
[WhiteElo "2081"]
[BlackElo "2192"]
[Annotator "NA"]
[PlyCount "61"]
[EventDate "2020.08.01"]
[EventType "swiss (blitz)"]

1. d4 c5 2. Nc3 cxd4 3. Qxd4 Nc6 4. Qd1 g6 5. e4 Bg7 6. Nf3 d6 7. Be3 Nf6 8. h3 O-O 9. Bc4 a6 10. a4 Qc7 11. Qe2 Bd7 12. O-O Rac8 13. Ba2 Na5 14. Rfd1 Nc4 15. Bxc4 Qxc4 16. Qxc4 Rxc4 17. e5 Ne8 18. Nd5 Rxc2 19. Nxe7+ Kh8 20. exd6 Bxb2 21. Ra2 Nf6 22. Rxb2 Rxb2 23. Bd4 Kg7 24. Bxb2 h6 25. Nd5 Rc8 26. Bxf6+ Kf8 27. Nc7 g5 28. Ne5 Be6 29. Be7+ Kg7 30. Nxe6+ fxe6 31. d7 1-0

[Event "Knighthood Blitz"]
[Site "Vishy Anand Arena"]
[Date "2020.08.01"]
[Round "8"]
[White "Position"]
[Black "J2d"]
[Result "0-1"]
[WhiteElo "2081"]
[BlackElo "2432"]
[PlyCount "82"]
[EventDate "2020.08.01"]
[EventType "swiss (blitz)"]

1. e3 d5 2. f3 Nf6 3. Ne2 g6 4. d4 Bg7 5. Kf2 O-O 6. Ng3 c6 7. Bd3 Nbd7 8. b3 e5 9. Bb2 Re8 10. Nd2 h5 11. Re1 h4 12. Nh1 e4 13. Be2 Nf8 14. f4 g5 15. fxg5 N6h7 16. Kg1 Qxg5 17. Bf1 Bg4 18. Qc1 h3 19. g3 Qh5 20. Nf2 f5 21. Nxg4 fxg4 22. Be2 Ng5 23. c4 Rac8 24. Qd1 Nf3+ 25. Nxf3 gxf3 26. Bf1 Nh7 27. cxd5 cxd5 28. Rc1 Ng5 29. Kf2 Nh7 30. Rxc8 Rxc8 31. Qd2 Nf6 32. Rc1 Ng4+ 33. Kg1 Rf8 34. Rc7 Bh6 35. Rc3 Bg5 36. Ba3 Rf7 37. Qc1 Qh6 38. Rc8+ Kh7 39. Qc5 Bxe3+ 40. Kh1 Qe6 41. Rc7 Bh6 0-1

[Event "Knighthood Blitz"]
[Site "Vishy Anand Arena"]
[Date "2020.08.01"]
[Round "8"]
[White "Unforgettable"]
[Black "Chess1311"]
[Result "1-0"]
[WhiteElo "2076"]
[BlackElo "1674"]
[Annotator "NA"]
[PlyCount "45"]
[EventDate "2020.08.01"]
[EventType "swiss (blitz)"]

1. e4 c6 2. Nc3 d5 3. Nf3 Nf6 4. Qe2 dxe4 5. Nxe4 Nxe4 6. Qxe4 Nd7 7. Bc4 Nf6 8. Ne5 e6 9. Qe2 Bd6 10. d4 O-O 11. O-O Qc7 12. Bg5 Bxe5 13. dxe5 Nd7 14. Rfe1 b5 15. Bd3 Nc5 16. Bxh7+ Kxh7 17. Qh5+ Kg8 18. Re3 f6 19. exf6 gxf6 20. Bh6 Rf7 21. Rg3+ Kh8 22. Bg7+ Kg8 23. Qh8# 1-0

[Event "Knighthood Blitz"]
[Site "Vishy Anand Arena"]
[Date "2020.08.01"]
[Round "8"]
[White "Junosource"]
[Black "Sairam Ramabadra"]
[Result "0-1"]
[WhiteElo "2055"]
[BlackElo "1732"]
[Annotator "NA"]
[PlyCount "106"]
[EventDate "2020.08.01"]
[EventType "swiss (blitz)"]

1. d4 d5 2. c4 e6 3. Nf3 Nf6 4. g3 Be7 5. Bg2 O-O 6. O-O dxc4 7. Qc2 a6 8. a4 c5 9. dxc5 Bxc5 10. Nbd2 Qe7 11. Nxc4 Nc6 12. Rd1 Rb8 13. Bf4 Ra8 14. Nd6 e5 15. Qxc5 exf4 16. Rac1 fxg3 17. hxg3 Qxe2 18. Ng5 h6 19. Ngxf7 Rxf7 20. Re1 Qxb2 21. Bd5 Nxd5 22. Qxd5 Qxf2+ 23. Kh1 Qf3+ 24. Qxf3 Rxf3 25. Re8+ Kh7 26. Kg2 Ra3 27. Nxc8 Rxa4 28. Rf1 Na7 29. Nd6 Rxe8 30. Nxe8 Kg6 31. Nd6 b5 32. Rc1 Ra2+ 33. Kh3 Rd2 34. Ne4 Rd4 35. Nc5 a5 36. Nb3 Ra4 37. Rc7 Ra3 38. Nd4 Rd3 39. Ne6 Rd6 40. Nf4+ Kf5 41. Rxa7 g5 42. Ng2 a4 43. Ne3+ Ke4 44. Ng4 h5 45. Nf2+ Kf3 46. Nh1 g4+ 47. Kh4 Kg2 48. Rb7 Kxh1 49. Rxb5 a3 50. Ra5 Rd3 51. Ra4 Kg2 52. Kxh5 Rxg3 53. Kh4 Kh2 0-1

[Event "Knighthood Blitz"]
[Site "Vishy Anand Arena"]
[Date "2020.08.01"]
[Round "8"]
[White "ASB"]
[Black "kngopal"]
[Result "1-0"]
[WhiteElo "2016"]
[BlackElo "1946"]
[PlyCount "153"]
[EventDate "2020.08.01"]
[EventType "swiss (blitz)"]

1. d4 Nf6 2. Bf4 c5 3. e3 cxd4 4. exd4 d5 5. c3 Nc6 6. Nd2 Bf5 7. Ngf3 e6 8. Be2 Bd6 9. Bg3 Bxg3 10. hxg3 O-O 11. Ne5 Nxe5 12. dxe5 Nd7 13. Nf3 Qc7 14. Qd4 h6 15. g4 Be4 16. g5 Bxf3 17. gxf3 Qxe5 18. Qxe5 Nxe5 19. gxh6 g6 20. O-O-O Kh7 21. Rdg1 Nc6 22. f4 Ne7 23. Bd3 Rfe8 24. Re1 Rac8 25. Kb1 Nf5 26. Bxf5 gxf5 27. Kc2 Rg8 28. Re3 Rg2 29. Rf3 Rcg8 30. Kd3 R8g6 31. Ke3 Rxh6 32. Rxh6+ Kxh6 33. Rh3+ Kg7 34. Rh1 Kf6 35. Kf3 Rg8 36. Rh6+ Ke7 37. Rh7 Rc8 38. Ke3 b5 39. a3 a5 40. Rh1 Rc4 41. f3 b4 42. axb4 axb4 43. cxb4 Rxb4 44. Rb1 Kd6 45. b3 f6 46. Rb2 e5 47. fxe5+ fxe5 48. Rb1 f4+ 49. Kd3 e4+ 50. fxe4 dxe4+ 51. Ke2 Ke5 52. Kf2 Kd5 53. Ke2 Ke5 54. Kd2 f3 55. Ke3 Rd4 56. b4 Rd3+ 57. Kf2 Rd2+ 58. Kg3 Rg2+ 59. Kh3 Kd6 60. b5 Kc7 61. b6+ Kb7 62. Re1 Re2 63. Rf1 Kxb6 64. Kg3 Kc5 65. Kf4 Kd4 66. Rd1+ Kc3 67. Kg3 Rd2 68. Re1 Kd3 69. Kf4 Rb2 70. Re3+ Kd2 71. Rxe4 f2 72. Rd4+ Ke2 73. Re4+ Kd1 74. Rd4+ Rd2 75. Ke3 f1=Q 76. Rxd2+ Kc1 77. Rf2 1-0

[Event "Knighthood Blitz"]
[Site "Vishy Anand Arena"]
[Date "2020.08.01"]
[Round "8"]
[White "Toosieslide"]
[Black "ElectroWizzard"]
[Result "1-0"]
[WhiteElo "2001"]
[BlackElo "1739"]
[Annotator "NA"]
[PlyCount "85"]
[EventDate "2020.08.01"]
[EventType "swiss (blitz)"]

1. d4 d5 2. c4 e6 3. Nc3 Nf6 4. cxd5 exd5 5. Bg5 Nbd7 6. e3 c6 7. Bd3 Be7 8. Qc2 O-O 9. Nge2 h6 10. Bh4 Re8 11. f3 Nf8 12. O-O Bd6 13. Bf2 Qc7 14. Ng3 Qd8 15. Rad1 a6 16. e4 dxe4 17. fxe4 Bf4 18. Be2 Bxg3 19. Bxg3 Bg4 20. h3 Bxe2 21. Qxe2 Qb6 22. Kh2 Rad8 23. Bh4 g5 24. Rxf6 gxh4 25. Rxh6 Ng6 26. Qg4 Rxd4 27. Rxg6+ fxg6 28. Qxg6+ Kf8 29. Qf6+ Kg8 30. Qxd4 Qc7+ 31. Kh1 Qg3 32. Qd3 Qe5 33. Rf1 Rf8 34. Rxf8+ Kxf8 35. Qd8+ Kg7 36. Qxh4 Qd4 37. Qg3+ Kf7 38. Qf3+ Kg6 39. Qg4+ Kf7 40. Qf5+ Kg7 41. e5 Qe3 42. e6 Qe1+ 43. Kh2 1-0

[Event "Knighthood Blitz"]
[Site "Vishy Anand Arena"]
[Date "2020.08.01"]
[Round "8"]
[White "Whitefalcon"]
[Black "shadow_master"]
[Result "0-1"]
[WhiteElo "2001"]
[BlackElo "2104"]
[PlyCount "102"]
[EventDate "2020.08.01"]
[EventType "swiss (blitz)"]

1. e4 c5 2. Nc3 Nc6 3. f4 g6 4. Nf3 Bg7 5. Bb5 Nd4 6. O-O a6 7. Be2 d6 8. Nxd4 cxd4 9. Nb1 Nf6 10. d3 O-O 11. Qe1 Bd7 12. Qh4 Rc8 13. Bd1 Ba4 14. b3 Bd7 15. f5 Qc7 16. Bh6 e6 17. Bg5 Qd8 18. Nd2 exf5 19. exf5 d5 20. fxg6 fxg6 21. Qxd4 Bc6 22. Nf3 Qd6 23. Qh4 Rce8 24. Bh6 Qc5+ 25. Kh1 Qc3 26. Rb1 Re7 27. Bxg7 Kxg7 28. Nd4 Qc5 29. Nxc6 Qxc6 30. c4 Ref7 31. Bf3 Qd6 32. Rbe1 dxc4 33. dxc4 b5 34. cxb5 axb5 35. Rd1 Qa3 36. Rd2 Ra7 37. Re1 Qc5 38. Qg3 Qc3 39. Red1 Ne4 40. Bxe4 Qxd2 41. Qe5+ Kh6 42. Rg1 Rxa2 43. Qe7 Qf4 44. Bf3 Qf6 45. Qe3+ Kg7 46. Qc5 Rd2 47. Re1 Rd4 48. Re7+ Kh6 49. Qc1+ Qf4 50. Qc7 Rd1+ 51. Re1 Rxe1# 0-1

[Event "Knighthood Blitz"]
[Site "Vishy Anand Arena"]
[Date "2020.08.01"]
[Round "8"]
[White "Adityabikram"]
[Black "RACEKING"]
[Result "0-1"]
[WhiteElo "1988"]
[BlackElo "2370"]
[PlyCount "98"]
[EventDate "2020.08.01"]
[EventType "swiss (blitz)"]

1. d4 d5 2. c4 e6 3. Nf3 Nf6 4. g3 dxc4 5. Bg2 c6 6. Ne5 Bb4+ 7. Nc3 Nd5 8. Bd2 b5 9. O-O O-O 10. a4 Bxc3 11. bxc3 Bb7 12. Rb1 Ba6 13. e4 Ne7 14. Nxc6 Nbxc6 15. axb5 Nxd4 16. cxd4 Bb7 17. Qe2 Rc8 18. Bb4 Re8 19. Bc5 Qd7 20. Qxc4 Ng6 21. Qa4 a6 22. Rfc1 axb5 23. Qxb5 Bc6 24. Qc4 Nf8 25. h4 h6 26. Qe2 Nh7 27. e5 Bxg2 28. Kxg2 Nf8 29. h5 Qd8 30. Rb2 Nd7 31. Rb7 Qg5 32. Rc4 Red8 33. Bd6 Rxc4 34. Qxc4 Nf8 35. Qc7 Rd7 36. Qc8 Rxb7 37. Qxb7 Qd8 38. Qf3 Nd7 39. Ba3 Nb6 40. Bb2 Nd5 41. Qe4 Qg5 42. f4 Qxh5 43. Qf3 Qf5 44. Qf2 Qe4+ 45. Kh2 Ne3 46. Bc1 Ng4+ 47. Kg1 Nxf2 48. Kxf2 Qc2+ 49. Kf3 Qxc1 0-1

[Event "Knighthood Blitz"]
[Site "Vishy Anand Arena"]
[Date "2020.08.01"]
[Round "8"]
[White "Suyash45"]
[Black "Ishan2559"]
[Result "1-0"]
[WhiteElo "1974"]
[BlackElo "1698"]
[Annotator "NA"]
[PlyCount "59"]
[EventDate "2020.08.01"]
[EventType "swiss (blitz)"]

1. e4 e5 2. Nf3 Nc6 3. Bb5 a6 4. Ba4 Nf6 5. O-O Be7 6. Re1 d6 7. d4 exd4 8. Nxd4 Bd7 9. Bxc6 bxc6 10. Nf5 O-O 11. Bg5 h6 12. Bh4 Re8 13. Nc3 Bxf5 14. exf5 Qd7 15. Qf3 d5 16. Re2 Bd8 17. Rae1 Rxe2 18. Nxe2 Ne4 19. Bxd8 Rxd8 20. Ng3 Nxg3 21. hxg3 Rb8 22. Qc3 Rb6 23. f6 Qg4 24. Re8+ Kh7 25. Re7 Qg6 26. Rxc7 Qg4 27. f3 Qxg3 28. Rxf7 d4 29. Qd3+ Kh8 30. Rf8# 1-0

[Event "Knighthood Blitz"]
[Site "Vishy Anand Arena"]
[Date "2020.08.01"]
[Round "8"]
[White "Savithashri"]
[Black "Vishvajeet Singh"]
[Result "1-0"]
[WhiteElo "1958"]
[BlackElo "1699"]
[Annotator "NA"]
[PlyCount "109"]
[EventDate "2020.08.01"]
[EventType "swiss (blitz)"]

1. e4 c5 2. Nf3 e6 3. d4 cxd4 4. Nxd4 Nc6 5. Nc3 Qc7 6. Be3 a6 7. f3 Nf6 8. Bd3 Bb4 9. Qd2 d5 10. O-O Bxc3 11. bxc3 O-O 12. Bg5 dxe4 13. fxe4 Nd7 14. Nxc6 bxc6 15. Qf2 Ne5 16. Bf4 f6 17. Qg3 Bd7 18. Rab1 Rab8 19. Bxe5 Qxe5 20. Qxe5 fxe5 21. Rxf8+ Rxf8 22. Rb7 Rd8 23. Bc4 Bc8 24. Rc7 a5 25. Rxc8 Rxc8 26. Bxe6+ Kf8 27. Bxc8 Ke7 28. Kf2 Kd6 29. Bf5 g6 30. Bc8 Kc5 31. Ba6 Kb6 32. Bc4 Kc5 33. Bg8 h6 34. g4 a4 35. g5 hxg5 36. Kg3 a3 37. Kg4 Kd6 38. Kxg5 Ke7 39. Kxg6 c5 40. Bb3 Kd6 41. h4 Ke7 42. h5 Kf8 43. h6 Ke7 44. h7 Kd6 45. h8=Q c4 46. Qf6+ Kc5 47. Qxe5+ Kb6 48. Bxc4 Kc6 49. Qd5+ Kc7 50. Qe6 Kd8 51. Qf7 Kc8 52. Bb5 Kb8 53. Bc6 Kc8 54. Qd7+ Kb8 55. Qb7# 1-0

[Event "Knighthood Blitz"]
[Site "Vishy Anand Arena"]
[Date "2020.08.01"]
[Round "8"]
[White "Tapa1964"]
[Black "Priyanka Nutakki"]
[Result "0-1"]
[WhiteElo "1940"]
[BlackElo "2148"]
[Annotator "NA"]
[PlyCount "58"]
[EventDate "2020.08.01"]
[EventType "swiss (blitz)"]

1. e4 e6 2. d4 d5 3. Nd2 Nc6 4. exd5 exd5 5. c3 Nf6 6. Ngf3 Bd6 7. Be2 O-O 8. O-O h6 9. c4 Re8 10. c5 Bf8 11. a3 Bf5 12. b4 a6 13. Bb2 Ne4 14. Nxe4 dxe4 15. Ne5 Nxe5 16. dxe5 Qg5 17. f4 exf3 18. Bxf3 c6 19. Qc1 Qg6 20. Qf4 Bd3 21. Rf2 Be7 22. h4 Rad8 23. h5 Qg5 24. Qxf7+ Kh8 25. Qb3 Qe3 26. Bc1 Qe1+ 27. Kh2 Qxf2 28. Qf7 Qh4+ 29. Kg1 Qd4+ 0-1

[Event "Knighthood Blitz"]
[Site "Vishy Anand Arena"]
[Date "2020.08.01"]
[Round "8"]
[White "Gaurav306"]
[Black "chessylife"]
[Result "1-0"]
[WhiteElo "1930"]
[BlackElo "2030"]
[Annotator "NA"]
[PlyCount "79"]
[EventDate "2020.08.01"]
[EventType "swiss (blitz)"]

1. e4 c5 2. Nf3 d6 3. d4 cxd4 4. Nxd4 Nf6 5. Nc3 Nc6 6. Bg5 e6 7. f4 Be7 8. Qd2 a6 9. O-O-O Bd7 10. f5 Nxd4 11. Qxd4 e5 12. Qd2 Bc6 13. Bxf6 gxf6 14. Bc4 b5 15. Bd5 Qc7 16. Bxc6+ Qxc6 17. Nd5 h5 18. Kb1 Kd7 19. Qa5 Bd8 20. Qa3 a5 21. Qg3 Rc8 22. c3 Be7 23. Qg7 Rcf8 24. g3 Rhg8 25. Qh6 Rc8 26. Qxh5 b4 27. Qxf7 Rge8 28. Nxf6+ Kc7 29. Nxe8+ Rxe8 30. cxb4 Qxe4+ 31. Ka1 axb4 32. Rc1+ Kd8 33. f6 b3 34. fxe7+ Rxe7 35. Qxb3 Qa8 36. Rhf1 Kd7 37. Qb5+ Ke6 38. Qc4+ Kd7 39. Qg4+ Kd8 40. Rf8+ 1-0

[Event "Knighthood Blitz"]
[Site "Vishy Anand Arena"]
[Date "2020.08.01"]
[Round "8"]
[White "Perseus226"]
[Black "Dr_Deep_Chesh"]
[Result "1-0"]
[WhiteElo "1884"]
[BlackElo "1513"]
[Annotator "NA"]
[PlyCount "47"]
[EventDate "2020.08.01"]
[EventType "swiss (blitz)"]

1. d4 Nf6 2. Bf4 e6 3. e3 d5 4. Nf3 Bd6 5. Bg3 c6 6. Bd3 Qc7 7. Nbd2 b5 8. Qe2 Nbd7 9. c3 Nb6 10. e4 Nfd7 11. Rd1 O-O 12. e5 Be7 13. h4 Nc4 14. Bxh7+ Kh8 15. Nxc4 bxc4 16. Bb1 Rd8 17. Qc2 Nf8 18. Ng5 Bxg5 19. hxg5+ Kg8 20. Qe2 Qe7 21. Qh5 Ng6 22. Qh7+ Kf8 23. Qh8+ Nxh8 24. Rxh8# 1-0

[Event "Knighthood Blitz"]
[Site "Vishy Anand Arena"]
[Date "2020.08.01"]
[Round "8"]
[White "Rishila"]
[Black "Twobrothers"]
[Result "0-1"]
[WhiteElo "1878"]
[BlackElo "1805"]
[Annotator "NA"]
[PlyCount "70"]
[EventDate "2020.08.01"]
[EventType "swiss (blitz)"]

1. d4 d5 2. Bf4 Nf6 3. e3 Bf5 4. Bd3 Bxd3 5. Qxd3 e6 6. Nf3 c5 7. c3 Qb6 8. Qc2 Nc6 9. Nbd2 Be7 10. O-O O-O 11. Qb3 c4 12. Qxb6 axb6 13. b4 b5 14. Ne5 Ra6 15. h3 Rfa8 16. Nxc6 bxc6 17. f3 Rxa2 18. Rxa2 Rxa2 19. e4 Rc2 20. exd5 Nxd5 21. Ra1 Nxf4 22. Ra8+ Bf8 23. Ne4 Rxg2+ 24. Kf1 g6 25. Rc8 Rc2 26. Rxc6 f5 27. Nf6+ Kg7 28. Ne8+ Kf7 29. Nc7 Be7 30. Nxb5 Bh4 31. Rc7+ Kf6 32. Kg1 Nxh3+ 33. Kf1 Nf4 34. Kg1 Bg3 35. Nd6 Rc1# 0-1

[Event "Knighthood Blitz"]
[Site "Vishy Anand Arena"]
[Date "2020.08.01"]
[Round "8"]
[White "Thrish"]
[Black "Gowthamchess1356"]
[Result "1-0"]
[WhiteElo "1877"]
[BlackElo "1694"]
[Annotator "NA"]
[PlyCount "145"]
[EventDate "2020.08.01"]
[EventType "swiss (blitz)"]

1. e4 c5 2. Nf3 a6 3. c4 e6 4. Nc3 b6 5. Be2 Bb7 6. O-O Nf6 7. e5 Ne4 8. Nxe4 Bxe4 9. d3 Bb7 10. b3 Be7 11. Bb2 O-O 12. d4 cxd4 13. Qxd4 Nc6 14. Qg4 f6 15. exf6 Bxf6 16. Bxf6 Qxf6 17. Rad1 Rad8 18. Rd3 d5 19. cxd5 exd5 20. Rfd1 Rde8 21. R3d2 Ne5 22. Qg3 Kh8 23. h3 Nxf3+ 24. Bxf3 Re5 25. Bxd5 Bxd5 26. Rxd5 Rxd5 27. Rxd5 Qa1+ 28. Kh2 Qxa2 29. Rd7 Qb2 30. Rb7 Qf6 31. f3 b5 32. Qc7 h6 33. Qg3 Qf4 34. Qxf4 Rxf4 35. Rb6 Rb4 36. Rxa6 Rxb3 37. Rb6 b4 38. Kg3 Rb1 39. h4 b3 40. Kg4 b2 41. g3 Kh7 42. Rb7 Rc1 43. Rxb2 Rc4+ 44. f4 Rc3 45. Rb6 h5+ 46. Kh3 Rc5 47. Rd6 Rc3 48. Re6 Rc5 49. Re5 Rc3 50. Rxh5+ Kg6 51. Rg5+ Kf6 52. Kg4 Rc4 53. h5 g6 54. Rxg6+ Kf7 55. Rg5 Kf8 56. h6 Rc5 57. h7 Rxg5+ 58. Kxg5 Kg7 59. Kh5 Kxh7 60. f5 Kg8 61. Kg5 Kf7 62. f6 Kf8 63. Kf5 Kf7 64. g4 Kf8 65. g5 Kf7 66. g6+ Kf8 67. g7+ Kg8 68. Ke6 Kh7 69. Kf7 Kh6 70. g8=Q Kh5 71. Qg7 Kh4 72. Ke8 Kh3 73. f7 1-0